| 000 | 00337nam a2200133Ia 4500 | ||
|---|---|---|---|
| 005 | 20251222155201.0 | ||
| 008 | 251222s9999||||xx |||||||||||||| ||spa|| | ||
| 082 | _aETI.80 | ||
| 100 | _aVICH RODRIGUEZ, Victor. | ||
| 245 | 0 | _aSalir de la noche por una enfermerÃa humanizada | |
| 250 | _a1ra. ed. | ||
| 264 | _bSal Terrae | ||
| 942 | _cLIB | ||
| 999 |
_c39928 _d39928 |
||